000 00291nam a22001217a 4500
005 20230726133821.0
008 230726b ||||| |||| 00| 0 eng d
040 _cAL
041 _aeng
245 _aHandbook of life skills
260 _aBangalore
_bBanjara Academy
_c2005
942 _2ddc
_cBK
999 _c228142
_d228142